Reflections on the Civil War /

Bibliographic Details
Main Author: Catton, Bruce, 1899-1978
Other Authors: Leekley, John
Format: Book
Language:English
Published: Garden City, N.Y. : Doubleday, [1981]
Subjects:

MARC

Tag First Indicator Second Indicator Subfields
LEADER 00000pam a2200000 a 4500
001 in00000090608
005 20151008065718.0
008 801003s1981 nyuaf 00110 engm
010 |a  79006164  
020 |a 0385063474 :  |c $15.95 
035 |a (OCoLC)06861978 
035 |9 AAK6445AM 
040 |a DLC  |c DLC  |d m.c.  |d TXA  |d UtOrBLW 
043 |a n-us--- 
049 |a TXAM  |c [1362536] 
050 0 0 |a E468  |b  C295 
082 0 |a 973.7  |2 19 
100 1 |a Catton, Bruce,  |d 1899-1978. 
245 1 0 |a Reflections on the Civil War /  |c Bruce Catton ; edited by John Leekley ; [photographs of the drawings by Jim Kalett]. 
264 1 |a Garden City, N.Y. :  |b Doubleday,  |c [1981] 
264 4 |c ©1981 
300 |a xxiv, 246 pages, 16 unnumbered pages of plates :  |b illustrations ;  |c 24 cm. 
336 |a text  |b txt  |2 rdacontent 
337 |a unmediated  |b n  |2 rdamedia 
338 |a volume  |b nc  |2 rdacarrier 
500 |a Includes index. 
651 0 |a United States  |x History  |y Civil War, 1861-1865. 
700 1 |a Leekley, John. 
999 |a MARS 
999 f f |s a02ecc35-f87c-3b22-8052-3459ac19020f  |i c21e73f4-9638-3af0-ac97-3f40ea3a3f75  |t 0 
952 f f |p ric  |a Texas A&M University  |b Rellis Campus  |c Joint Library Facility  |d Remote Storage  |t 0  |e E468 C295  |h Library of Congress classification  |i unmediated -- volume  |m A14805992518 
998 f f |a E468 C295  |t 0  |l Remote Storage